000 00468nam a22001937a 4500
003 MPLRDC
005 20220104113935.0
008 210129b ||||| |||| 00| 0 eng d
020 _a957-9525-90-0
082 _a848.2 YM v.20
100 _a杨牧著
245 _a完整的寓言
_c
250 _a初版
260 _a
_b洪范书店有限公司
_c1991
300 _b
490 _a洪范文学丛书;228
650 _a现代别集
942 _cBK
_o848.2 YM v.20
999 _c3562
_d3552